Statistics for October 2021 world leader to country

Click here to take the quiz!

General Stats

  • This quiz has been taken 14 times
  • The average score is 19 of 24

Answer Stats

HintAnswer% Correct
Scott MorrisonAustralia
100%
Jair BolsonaroBrazil
100%
Justin TrudeauCanada
100%
Xi JinpingChina
100%
Emmanuel MacronFrance
100%
Giuseppe ConteItaly
100%
Kim Jong-unNorth Korea
100%
Boris JohnsonUK
100%
Joe BidenUSA
100%
Viktor OrbánHungary
91%
Recep Tayyip ErdoğanTurkey
91%
Alexander LukashenkoBelarus
82%
Fumio KishidaJapan
82%
Jacinda ArdernNew Zealand
82%
Rodrigo DutertePhilippines
82%
Cyril RamaphosaSouth Africa
82%
Andrés Manuel López ObradorMexico
64%
Mark RutteNetherlands
64%
Lee Hsien LoongSingapore
64%
George WeahLiberia
55%
Emmerson MnangagwaZimbabwe
45%
Sanna MarinFinland
36%
Haitham bin TariqOman
27%
Nayib BukeleEl salvador
9%

Score Distribution

Percentile by Number Answered

Percent of People with Each Score

Your Score History

You have not taken this quiz